The 1930s Movies Picture Quiz - Statistics

General Stats
  • This quiz has been taken 667 times
  • The average score is 14 of 50
Answer Stats
Picture Hint Answer % Correct
1931 Frankenstein
95%
1931 Dracula
94%
1937 Snow White and the Seven Dwarfs
94%
1939 The Wizard of Oz
93%
1933 King Kong
88%
1934 Cleopatra
74%
1939 Gone with the Wind
71%
1935 Bride of Frankenstein
59%
1933 The Invisible Man
59%
1930 All Quiet on the Western Front
48%
1933 Duck Soup
41%
1936 Modern Times
40%
1931 City Lights
38%
1939 Mr. Smith Goes to Washington
36%
1939 Stagecoach
36%
1938 The Adventures of Robin Hood
35%
1934 It Happened One Night
32%
1931 Dr. Jekyll and Mr. Hyde
30%
1935 Mutiny on the Bounty
30%
1938 Bringing Up Baby
26%
1935 Top Hat
26%
1932 Freaks
24%
1935 A Night at the Opera
19%
1934 The Thin Man
17%
1932 Scarface
15%
1935 The 39 Steps
15%
1932 Grand Hotel
14%
1930 Animal Crackers
12%
1938 Boys Town
11%
1936 The Great Ziegfeld
11%
1931 The Public Enemy
11%
1938 You Can't Take It with You
11%
1933 42nd Street
9%
1937 A Star is Born
9%
1933 Cavalcade
9%
1936 My Man Godfrey
9%
1934 The Man Who Knew Too Much
9%
1937 The Awful Truth
7%
1938 The Lady Vanishes
7%
1932 Trouble in Paradise
7%
1939 Goodbye, Mr. Chips
6%
1937 Way Out West
6%
1936 San Francisco
5%
1930 The Blue Angel
5%
1930 Hell's Angels
4%
1932 The Sign of the Cross
4%
1936 Sabotage
3%
1937 Saratoga
3%
1930 Whoopee!
3%
1934 Kid Millions
2%
No matching quizzes found
Score Distribution
Percent of People with Each Score
Percentile by Number Answered
Your Score History
You have not taken this quiz